000
00252nam a2200109Ia 4500
005
20251222143213.0
008
251222s9999||||xx |||||||||||||| ||spa||
082
_a
658.022/H12
245
0
_a
Hacia una Actitud Empresarial
264
_b
CASI
942
_c
LIB
999
_c
13527
_d
13527